Normal view
MARC view
Entry Personal Name
001 - CONTROL NUMBER
- control field: 9374
003 - CONTROL NUMBER IDENTIFIER
- control field: HDC
005 - DATE AND TIME OF LATEST TRANSACTION
- control field: 20230624073314.0
008 - FIXED-LENGTH DATA ELEMENTS
- fixed length control field: 210131|| aca||aabn | a|a d
040 ## - CATALOGING SOURCE
- Original cataloging agency: HDC
- Transcribing agency: HDC
100 ## - HEADING--PERSONAL NAME
- Personal name: Norazla A. Wahab
670 ## - SOURCE DATA FOUND
- Source citation: Work cat.: (HDC): Norazla A. Wahab, author, CONTRIBUTIONS OF MALAYSIA AND SINGAPORE IN THE DEVELOPMENT OF HALAL INDUSTRY IN THE ASEAN REGION /, 2016
